Numerical control of machine tools / (Record no. 7595)
[ view plain ]
| 000 -LEADER | |
|---|---|
| fixed length control field | 00405cam a2200157ua 4500 |
| 003 - CONTROL NUMBER IDENTIFIER | |
| control field | OSt |
| 008 - FIXED-LENGTH DATA ELEMENTS--GENERAL INFORMATION | |
| fixed length control field | 250320b |||||||| |||| 00| 0 eng d |
| 041 ## - LANGUAGE CODE | |
| Language code of text/sound track or separate title | eng |
| 082 ## - DEWEY DECIMAL CLASSIFICATION NUMBER | |
| Classification number | 621.9023 |
| Item number | KOR/NU |
| 100 ## - MAIN ENTRY--AUTHOR NAME | |
| Personal name | Koren, Yoram . |
| 245 ## - TITLE STATEMENT | |
| Title | Numerical control of machine tools / |
| 260 ## - PUBLICATION, DISTRIBUTION, ETC. (IMPRINT) | |
| Place of publication | Delhi : |
| Name of publisher | Khanna publishers , |
| Year of publication | 1984. |
| 300 ## - PHYSICAL DESCRIPTION | |
| Number of Pages | 310 ; . |
| 700 1# - ADDED ENTRY--PERSONAL NAME | |
| Personal name | Ben-Uri, Joseph . |
| 942 ## - ADDED ENTRY ELEMENTS (KOHA) | |
| Koha item type | Books |
| Withdrawn status | Lost status | Damaged status | Home library | Current library | Date acquired | Full call number | Accession Number | Koha item type |
|---|---|---|---|---|---|---|---|---|
| KAUAET | KAUAET | 20/08/1986 | 621.9023 KOR/NU | 15455 | Books | |||
| KAUAET | KAUAET | 07/04/2012 | 621.9023 KOR/NU | 18799 | Books |
